MESTSKÁ KNIŽNICA GIRALTOVCE  - online katalóg 

Ján Kupecký (Record no. 15035)

000 -NÁVESTIE
fixed length control field 00603nam a2200193 a 4500
008 - ÚDAJE S PEVNOU DĹŽKOU – VŠEOBECNÉ INFORMÁCIE
fixed length control field 990706s1957 m yxo ac rb 0 slo c
020 ## - MEDZINÁRODNÉ ŠTANDARDNÉ ČÍSLO KNIHY (ISBN)
Údaje o dostupnosti 70
040 ## - ZDROJ KATALOGIZÁCIE
Pôvodná katalogizujúca agentúra SNK
Jazyk katalogizácie slo
Prepisujúca agentúra SNK
Konvencie popisu AACR2
041 1# - KÓD JAZYKA
Kód jazyka textu/zvukovej stopy alebo samostatných nápisov slo
044 ## - KÓD KRAJINY VYDAVATEĽA/PRODUCENTA
Kód krajiny MARC xo
Kód krajiny ISO SK
080 ## - ČÍSLO MEDZINÁRODNÉHO DESATINNÉHO TRIEDENIA (MDT)
Číslo Medzinárodného desatinného triedenia (MDT) 929 Kupecký, J.(084.12)
080 ## - ČÍSLO MEDZINÁRODNÉHO DESATINNÉHO TRIEDENIA (MDT)
Číslo Medzinárodného desatinného triedenia (MDT) 75(437.6)(091) Kupecký, J.(084.12)
100 1# - OSOBNÉ MENÁ – VŠEOBECNÉ INFORMÁCIE
Osobné meno Dvořák, František
Kód roly aut
245 10 - NÁZOV
Názov Ján Kupecký
Údaj o zodpovednosti atď. František Dvořák
260 ## - VYDAVATEĽSKÉ ÚDAJE, DISTRIBÚCIA ATĎ.
Miesto publikovania, distribúcie atď. BratislavA
Názov vydavateľa, distibútora atď. Slovenské vydavateľstvo krásnej literatúry
Dátum publikovania, distribúcie atď. 1957
300 ## - FYZICKÝ POPIS
Rozsah 10 s., 33 fareb. reprod.
Rozmery 35 cm
600 1# - PRIDANÝ VSTUP – PREDMET – OSOBNÉ MENO
Osobné meno Kupecký, Ján
Dátumy súvisiace s menom 1667-1740
Všeobecný pododdiel život a dielo
Zdroj hesla alebo termínu SNK
958 ## - Formálny deskriptor
Formálny deskriptor A
Holdings
Stav stiahnutia (Blokovanie) (Withrawn status) Stav straty Stav poškodenia (Damaged status) Nie pre výpožičky (Not for loan) Spôsob nadobudnutia (Collection code) Trvalé umiestnenie Aktuálne umiestnenie Dátum nadobudnutia Náklady, bežná kúpna cena Inventárne číslo (prírastkové číslo) Full call number Dátum posledného výskytu Cena s účinnosťou od Typ jednotky Koha
        Kúpa Mestská knižnica Giraltovce Mestská knižnica Giraltovce 2019-11-29 70.00 14072 I 0143 2019-11-29 2019-11-29 Odborná literatúra pre dospelých

Powered by Koha